Nangay Paoon / (Record no. 594320)

000 -LEADER
fixed length control field 00742cam a2200253 a 4500
001 - CONTROL NUMBER
control field 4393037
003 - CONTROL NUMBER IDENTIFIER
control field NUST
005 - DATE AND TIME OF LATEST TRANSACTION
control field 20230327101944.0
008 - FIXED-LENGTH DATA ELEMENTS--GENERAL INFORMATION
fixed length control field 910712s1991 pk 000 0 urdo
010 ## - LIBRARY OF CONGRESS CONTROL NUMBER
LC control number 91930213
020 ## - INTERNATIONAL STANDARD BOOK NUMBER
International Standard Book Number 9690008447 :
Terms of availability Rs225.00
040 ## - CATALOGING SOURCE
Original cataloging agency DLC
Transcribing agency DLC
Modifying agency DLC
050 00 - LIBRARY OF CONGRESS CALL NUMBER
Classification number PK2200.A693
Item number N36 1991
082 ## - DEWEY DECIMAL CLASSIFICATION NUMBER
Classification number 891.4392,ASH
100 0# - MAIN ENTRY--PERSONAL NAME
Personal name Ashfāq Aḥmad,
Dates associated with a name 1925-2004.
9 (RLIN) 639
245 10 - TITLE STATEMENT
Title Nangay Paoon /
Statement of responsibility, etc. Asḥfaq Aḥmad.
260 ## - PUBLICATION, DISTRIBUTION, ETC.
Place of publication, distribution, etc. Lahore :
Name of publisher, distributor, etc. Firozsanz,
Date of publication, distribution, etc. 1991.
300 ## - PHYSICAL DESCRIPTION
Extent 665 p. ;
Dimensions 22 cm.
500 ## - GENERAL NOTE
General note Plays.
500 ## - GENERAL NOTE
General note In Urdu.
906 ## - LOCAL DATA ELEMENT F, LDF (RLIN)
a 7
b cbc
c orignew
d 3
e ncip
f 19
g y-gencatlg
942 ## - ADDED ENTRY ELEMENTS (KOHA)
Source of classification or shelving scheme
Koha item type Book
Call number prefix 891.4392,ASH
Holdings
Withdrawn status Lost status Source of classification or shelving scheme Damaged status Not for loan Permanent Location Current Location Shelving location Date acquired Total Checkouts Full call number Barcode Date last seen Date last checked out Price effective from Koha item type Public note
          Military College of Signals (MCS) Military College of Signals (MCS) General Stacks 03/27/2023 1 891.4392,ASH MCS37828 01/19/2026 01/05/2026 03/27/2023 Book Almirha No 66, Shelf No 1
© 2023 Central Library, National University of Sciences and Technology. All Rights Reserved.